| 000 | 00753cam a22002531 4500 | ||
|---|---|---|---|
| 001 | 16655 | ||
| 003 | BD-RjUL | ||
| 005 | 20211209000033.0 | ||
| 008 | 140215s1964 nyu b 001 1 eng | ||
| 035 | _a(BD-RjUL)16710 | ||
| 040 |
_aDLC _cWa _dDLC _dBD-RjUL _beng |
||
| 041 | _aeng | ||
| 082 | 0 | 4 |
_219 _a813.5 _bCOI 1964 |
| 100 | 1 |
_aCondon, Richard. _951443 |
|
| 245 | 1 | 3 |
_aAn infinity of mirrors / _c Richard Condon. |
| 260 |
_aNew York : _bRandom, _c1964. |
||
| 300 |
_avii, 333 p. ; _c22 cm. |
||
| 504 | _aBibliographical references included in "Author's note" (p. v-vii) | ||
| 650 | 0 |
_aGermany. _951444 |
|
| 655 | 7 |
_aDetective and mystery stories. _2gsafd _951451 |
|
| 942 |
_2ddc _cBK |
||
| 999 |
_c16655 _d16655 |
||